| 000 | 00593nam a2200205Ia 4500 | ||
|---|---|---|---|
| 005 | 20250923145357.0 | ||
| 008 | 008 250917s9999 xx 000 0 eng d | ||
| 037 | _aTextual | ||
| 040 |
_aDSWL _beng _cDSWL |
||
| 041 |
_aeng _2eng |
||
| 084 |
_aX8(J):77-2, N77 _qDSWL |
||
| 100 |
_aBhatia, B.M. _9834659 |
||
| 245 | 0 |
_aPoverty, Agriculture and economic growth _c by B.M. Bhatia |
|
| 260 |
_aNew Delhi _b Vikas Pub. House _c1977 |
||
| 300 | _axii,260 p. | ||
| 365 |
_aINR _b45 . 0 |
||
| 925 | _g45 . 0 | ||
| 942 |
_cTEXL _hX8(J):77-2, N77 |
||
| 999 |
_c1450644 _d1450644 |
||